Práca so základnými meradlami - video

Gespeichert in:
Bibliographische Detailangaben
1. Verfasser: Škojec, Martin, 1987- (Verfasst von)
Weitere Verfasser: Görög, Augustín, 1969- (Betreuung Doktorarbeit)
Format: Manuskript Buch
Sprache:Slowakisch
Veröffentlicht: Trnava : STU v Bratislave MTF UVTE KOM, 2010
Schlagworte:
Online-Zugang:VAIS
Tags: Tag hinzufügen
Keine Tags, Fügen Sie das erste Tag hinzu!

MARC

LEADER 00000ntm a22000003a 4500
001 stu217762
005 20160719160341.5
008 101130s2010----xo------------------slo-d
040 |a STU  |b slo 
041 0 |a slo 
044 |a xo 
100 1 |a Škojec, Martin,  |d 1987-  |4 aut  |X 48593  |7 A000048593 
242 0 0 |a Working with the basic measure - the video  |y eng 
245 1 |a Práca so základnými meradlami - video 
260 |a Trnava :  |b STU v Bratislave MTF UVTE KOM,  |c 2010 
650 7 |a výrobné technológie  |2 stusub 
650 7 |a Manufacturing Technologies  |2 estusub 
650 7 |a Metrology  |2 estusub 
650 7 |a meranie  |2 stusub 
650 7 |a mikrometrické meradlá  |2 stusub 
650 7 |a mierky  |2 stusub 
650 7 |a kalibre  |2 stusub 
700 1 |a Görög, Augustín,  |d 1969-  |4 ths  |u M3000  |U MTF Materiálovotechnologická fakulta  |T MTF Ústav výrobných technológií  |X 4179  |U M3000  |Y 83  |7 A000004179 
856 4 |a info a plný text  |u http://is.stuba.sk/zp/portal_zp.pl?podrobnosti=47216  |3 VAIS 
996 |c M*BP-5034  |l MMSKP  |s P  |a 0  |w stu217762_0001